Το Θεατρικό Παιχνίδι / Παιδαγωγική Θεωρία, Πρακτική και Θεατρολογική Προσέγγιση (Record no. 6244)
[ view plain ]
| 000 -LEADER | |
|---|---|
| fixed length control field | 01618cam a22002054a 4500 |
| 005 - ΗΜΕΡΟΜΗΝΙΑ ΚΑΙ ΩΡΑ ΤΕΛΕΥΤΑΙΑΣ ΕΝΗΜΕΡΩΣΗΣ | |
| Πεδίο ελέγχου | 20250605164237.0 |
| 008 - FIXED-LENGTH DATA ELEMENTS--GENERAL INFORMATION | |
| Πεδίο ελέγχου σταθερού μήκους | 250528s ||||||||||||||||||||||||d |
| 035 ## - SYSTEM CONTROL NUMBER | |
| System control number | 21176 |
| 020 ## - ISBN | |
| ISBN | 9789600301410 |
| 040 ## - ΠΗΓΗ ΚΑΤΑΛΟΓΟΓΡΑΦΗΣΗΣ | |
| Φορέας πρωτότυπης καταλογογράφησης | MC Athens Campus Library |
| Γλώσσα καταλογογράφησης | Ελληνικά, Μοντέρνα (1453-) |
| Modifying agency | MC Athens Campus Library |
| Κανόνες περιγραφικής καταλογογράφησης | AACR2 |
| 245 1# - ΤΙΤΛΟΣ ΚΑΙ ΔΗΛΩΣΗ ΥΠΕΥΘΥΝΟΤΗΤΑΣ | |
| Τίτλος | Το Θεατρικό Παιχνίδι / Παιδαγωγική Θεωρία, Πρακτική και Θεατρολογική Προσέγγιση |
| 250 ## - EDITION STATEMENT | |
| Edition statement | 1η |
| 260 ## - PUBLICATION, DISTRIBUTION, ETC. | |
| Name of publisher, distributor, etc. | Καστανιώτη, |
| Date of publication, distribution, etc. | 2010 |
| 300 ## - PHYSICAL DESCRIPTION | |
| Extent | 256 |
| 520 ## - SUMMARY, ETC. | |
| Summary, etc. | Το Θεατρικό Παιχνίδι δεν είναι μόνο ψυχαγωγία. Σήμερα εντάσσεται στο σύνολο της παιδαγωγικής πρακτικής. Εισαγωγή, Σύντομη Αναδρομή, Το Θεατρικό Παιχνίδι Διάσταση της Αγωγής μέσα από το Θέατρο (Παιδευτική Θεατρική Έκφραση), Τεχνικές Ανάπτυξης και Επεξεργασίας, Υλικοτεχνικά Μέσα, Δομική Συγκρότηση - Διαδικασία Ανάπτυξης, Θεματογραφία, Θέατρο και ''Θεατρικό Παιχνίδι'', Πρακτικές Εφαρμογές (Σημειώσεις και Δραστηριότητες και Ασκήσεις και Υλικοτεχνικά Μέσα), Συνοπτικός Πίνακας Ανάπτυξης και Επεξεργασίας Θεατρικού Παιχνιδιού, Κάτι σαν Επίλογος. |
| 700 1# - ΠΡΟΣΘΕΤΗ ΑΝΑΓΡΑΦΗ--ΦΥΣΙΚΟ ΠΡΟΣΩΠΟ | |
| Personal name | Κουρετζής Λάκης |
| 9 (RLIN) | 7202 |
| 942 ## - ADDED ENTRY ELEMENTS (KOHA) | |
| Koha item type | Books |
| Τύπος τεκμηρίου | Βιβλιοθήκη | Τρέχουσα τοποθεσία | Barcode | Αριθμός εισαγωγής | Ημερομηνία απόκτησης | Ταξιθετικό σύμβολο | Αριθμός αντιτύπου | Κατάσταση απόσυρσης | Κατάσταση χαμένου | Κατάσταση κατεστραμμένου | Μη δανεισμός | Σύνολο δανεισμών | Ημερομηνία τελευταίας εμφάνισης | Η τιμή ισχύει από |
|---|---|---|---|---|---|---|---|---|---|---|---|---|---|---|
| Books | MC Athens Campus Library | MC Athens Campus Library | 9780000062437 | 3557 | 05/06/2025 | 371.337 KOU | 2 | 05/06/2025 | 05/06/2025 |